2023 F1 SEASON - Statistiques

Statistiques générales
  • Ce quiz a été pris 73 fois
  • Le résultat moyen est 10 sur 16
Statistiques - réponses
Par images Réponse % Correct
Autodrome Nazionale di Monza
91%
Circuit de Monaco
86%
Circuit de Spa-Francorchamps
79%
Red Bull Ring
72%
Suzuka International Racing Course
72%
Circuit Gilles-Villeneuve
69%
Miami International Autrodrome
69%
Silverstone Circuit
67%
Marina Bay Street Circuit
64%
Autódromo José Carlos Pace
62%
Jeddah Corniche Circuit
59%
Circuit of the Americas
50%
Albert Park Circuit
48%
Yas Marina Circuit
43%
Circuit de Barcelona-Catalunya
28%
Bahrain International Circuit
24%
Aucun quiz correspondant
Distribution des résultats
% des personnes avec chaque résultat
Percentile par nombre de réponses
Votre historique - résultats
Vous n’avez pas pris ce quiz